Bezpečnosť použitia platobnej karty
Dynimcký rast používania platobných kariet. Možnosti použitia platobnej karty. Bezpečnosť platobnej karty. Možnosti zneužitia platobnej karty. Budúcnosť platobných kariet.
Guardado en:
| Autor principal: | |
|---|---|
| Formato: | Capítulo de libro |
| Lenguaje: | eslovaco |
| Materias: | |
| Etiquetas: |
Sin Etiquetas, Sea el primero en etiquetar este registro!
|
MARC
| LEADER | 00000naa a2200000 4500 | ||
|---|---|---|---|
| 001 | 0144416 | ||
| 005 | 20231103073007.7 | ||
| 041 | 0 | |a slo | |
| 044 | |a SK | ||
| 245 | 1 | 0 | |a Bezpečnosť použitia platobnej karty |c Peter Hraško |
| 520 | |a Dynimcký rast používania platobných kariet. Možnosti použitia platobnej karty. Bezpečnosť platobnej karty. Možnosti zneužitia platobnej karty. Budúcnosť platobných kariet. | ||
| 610 | 2 | 0 | |a karty platobné |
| 610 | 2 | 0 | |a banky |
| 610 | 2 | 0 | |a bankovníctvo elektronické |
| 610 | 2 | 0 | |a bezpečnosť |
| 610 | 2 | 0 | |a podvody |
| 610 | 2 | 0 | |a styk platobný bezhotovostný |
| 100 | 1 | |a Hraško, Peter | |